|
|
|
|
| LEADER |
00757nab a2200169 i 4500 |
| 001 |
acta484 |
| 005 |
20210616144536.0 |
| 008 |
161015s1943 hu o 0|| hun d |
| 040 |
|
|
|a SZTE Egyetemi Kiadványok Repozitórium
|b hun
|
| 041 |
|
|
|a hun
|
| 100 |
2 |
|
|a Dr. Széll Márta
|
| 245 |
1 |
0 |
|a Elpusztult falvak, X-XVII. századbeli régészeti leletek Csongrádvármegye területén. (LVIII-LXI. tábla és 1 kép)
|h [elektronikus dokumentum] /
|c Dr. Széll Márta
|
| 260 |
|
|
|c 1943
|
| 300 |
|
|
|a 176-181
|
| 490 |
0 |
|
|a Dolgozatok a Magyar Királyi Ferencz József Tudományegyetem Archaeologiai Intézetéből
|v 19
|
| 695 |
|
|
|a avar temető, halántékkarika, sodrott ezüsttorques
|
| 856 |
4 |
0 |
|u http://acta.bibl.u-szeged.hu/484/1/dolgozatok_1943_176-181.pdf
|z Dokumentum-elérés
|